|
|
|
|
| LEADER |
00769nam a2200169 i 4500 |
| 001 |
misc46073 |
| 005 |
20200717145546.0 |
| 008 |
200227s1809 hu o 0|| hun d |
| 040 |
|
|
|a SZTE Miscellanea Repozitórium
|b hun
|
| 041 |
|
|
|a hun
|
| 100 |
1 |
|
|a Török Damaszcén Albert József
|
| 245 |
1 |
0 |
|a Úr napi szent beszéd, mellyet mondott Miskóltz várossában P. Török Damescenus szerafikus Szent Ferentz minorita szerzetbéli pap 1809-dik esztendőben
|h [elektronikus dokumentum] /
|c Török Damaszcén Albert József
|
| 260 |
|
|
|a Ellinger István
|b [Kassa] Kassán
|c 1809
|
| 300 |
|
|
|a 29 p.
|c 8o
|
| 591 |
|
|
|a Sigillum Bibliothecae Conventus Bajensis (pecsét)
|
| 695 |
|
|
|a Prédikáció - katolikus
|
| 856 |
4 |
0 |
|u http://misc.bibl.u-szeged.hu/46073/1/ra_8101.pdf
|z Dokumentum-elérés
|